000 01288cab a22003015a 4500
001 L146288
008 090106s2009 xxk f 000 0 eng d
035 _a(Sirsi) u146288
041 0 _aeng
110 2 _aJournal of Planning and Environment Law
_92913
245 0 0 _aParliamentary and departmental news
260 _c2009
490 _aJournal of Planning and Environment Law
_vIssue 1, 46-48(3)
520 _aArticle summarises the content of the Housing and Regeneration Act 2008 and explores the background behind the legislation. Covers the Homes and Communities Agency (HCA) and the Office for Tenants and Social Landlords (TSA) and also looks at tenant empowerment and the rights of gypsies and travellers, among other topics.
590 _aKA
650 2 4 _aHOUSING AND REGENERATION ACT 2008
650 2 4 _aBUILDING ACT 1984
650 2 4 _aCAVE REVIEW OF SOCIAL HOUSING REGULATION
650 2 4 _aCOMMONHOLD AND LEASEHOLD REFORM ACT 2002
650 2 4 _aHOUSING ACT 1996
650 2 4 _aHOUSING (NORTHERN IRELAND) ORDER 1988
650 2 4 _aIMMIGRATION AND ASYLUM ACT 1999
650 2 4 _aLANDLORD AND TENANT ACT 1985
650 2 4 _aLANDLORD AND TENANT ACT 1987
651 4 _aEngland and Wales
_y1543-
690 _aPROPERTY-PROPERTY MANAGEMENT-REGENERATION
942 _n0
999 _c81115
_d81115